000 00747nam a2200229Ii 4500
003 JO-AjNU
008 230605s9999||||xx |||||||||||||| ||und||
017 _a2005/18035
020 _a977-327-582-5
040 _aJO-AjNU
_bara
_erda
_cJO-AjNU
041 _aara
050 1 4 _aR135.H36 2006
100 3 _aحربي، خالد,
_eauthor
_936105
245 0 0 _aالاسس الايستمولوجية لتاريخ الطب العربي
250 _aط1
264 3 1 _aالاسكندرية:دار الوفاء ، 2006
300 _a219ص
336 _atext
_btxt
_2rdacontent
337 _aunmediated
_bn
_2rdamedia
338 _avolume
_bnc
_2rdacarrier
650 4 _aالاسس الابستمولوجية -الطب العربي-تاريخ
_936106
999 _aA14970
_c18538
_d18538